[Event "18. Obert Int. Sant Marti 2016"]
[Site "Barcelona ESP"]
[Date "2016.07.16"]
[Round "4.31"]
[White "Guix Torres, David"]
[Black "Dardha, Arben"]
[Result "0-1"]
[WhiteElo "2052"]
[BlackElo "2330"]
[PlyCount "134"]
[EventDate "2016.07.13"]
[EventType "swiss"]
[EventRounds "9"]
[EventCountry "ESP"]
[SourceTitle "Ajedrez en Madrid"]
[Source "lmi"]
[SourceDate "2016.07.13"]
[SourceVersion "1"]
[SourceVersionDate "2019.06.21"]
[SourceQuality "1"]

1. e4 c5 2. Nf3 Nc6 3. Bb5 g6 4. Bxc6 dxc6 5. d3 Bg7 6. h3 Nf6 7. Nc3 Nd7 8.
Be3 e5 9. Qd2 h6 10. O-O Qe7 11. a3 Nf8 12. b4 Ne6 13. bxc5 f5 14. Qc1 f4 15.
Bd2 Nxc5 16. Kh2 g5 17. g3 Qf7 18. Qd1 g4 19. Nh4 f3 20. Be3 Ne6 21. Nf5 Qg6
22. Nxg7+ Qxg7 23. h4 Bd7 24. Qb1 b6 25. Qb4 Qe7 26. Rfb1 h5 27. a4 Kf7 28.
Qxe7+ Kxe7 29. Nd1 c5 30. Nb2 Nd4 31. Bxd4 exd4 32. Nc4 Rab8 33. Ne5 Be8 34.
Kg1 Rh7 35. Kf1 Kd6 36. Nc4+ Kc7 37. Ke1 Bf7 38. Ne5 Kd6 39. Nxf7+ Rxf7 40. Kd2
Rc7 41. Ra2 Kc6 42. c3 dxc3+ 43. Kxc3 Rd7 44. Re1 Rbd8 45. Re3 Rd4 46. Ra1 Kd6
47. Ra3 Ke5 48. Ra2 c4 49. Rd2 Rc8 50. Kc2 cxd3+ 51. Kb3 Rcd8 52. Ka3 Rxe4 53.
Rdxd3 Rxd3+ 54. Rxd3 Re2 55. Rd7 Rxf2 56. Rxa7 Rg2 57. Kb4 Rxg3 58. Rf7 Rg1 59.
Kc3 Ra1 60. Kd3 Ra3+ 61. Kd2 Ke4 62. Ke1 Rxa4 63. Rh7 Ke3 64. Re7+ Kf4 65. Rh7
Ra1+ 66. Kd2 f2 67. Rxh5 f1=Q 0-1

[Event "18. Obert Int. Sant Marti 2016"]
[Site "Barcelona ESP"]
[Date "2016.07.16"]
[Round "4.32"]
[White "Molinero Martin, Joan"]
[Black "Garcia Trobat, Francisco"]
[Result "0-1"]
[WhiteElo "1995"]
[BlackElo "2269"]
[PlyCount "74"]
[EventDate "2016.07.13"]
[EventType "swiss"]
[EventRounds "9"]
[EventCountry "ESP"]
[SourceTitle "Ajedrez en Madrid"]
[Source "lmi"]
[SourceDate "2016.07.13"]
[SourceVersion "1"]
[SourceVersionDate "2019.06.21"]
[SourceQuality "1"]

1. e4 c5 2. Nf3 d6 3. c3 Nf6 4. Bd3 Nc6 5. Bc2 Bg4 6. d3 g6 7. Bg5 Bg7 8. Nbd2
h6 9. Be3 O-O 10. h3 Bd7 11. Nf1 b5 12. Ng3 b4 13. O-O bxc3 14. bxc3 Qa5 15.
Qd2 Kh7 16. Ne2 Rab8 17. Bb3 Qa6 18. g4 Na5 19. e5 Ng8 20. Bc2 dxe5 21. Bxc5
Qc6 22. Qe3 Rb2 23. Bb3 Rxe2 24. Qxe2 Qxc5 25. Rac1 Nxb3 26. axb3 Bc6 27. Nd2
f5 28. Qe3 Qd5 29. f3 Rd8 30. Qxa7 Qxd3 31. Rf2 e4 32. fxe4 Bxc3 33. Nf3 Bxe4
34. Qc7 Bd4 35. Nxd4 Qxh3 36. Nf3 Qxg4+ 37. Rg2 Qxf3 0-1

[Event "18. Obert Int. Sant Marti 2016"]
[Site "Barcelona ESP"]
[Date "2016.07.16"]
[Round "4.33"]
[White "Bannink, Bernard"]
[Black "Rueda Marquez, David J."]
[Result "1-0"]
[WhiteElo "2232"]
[BlackElo "2066"]
[PlyCount "55"]
[EventDate "2016.07.13"]
[EventType "swiss"]
[EventRounds "9"]
[EventCountry "ESP"]
[SourceTitle "Ajedrez en Madrid"]
[Source "lmi"]
[SourceDate "2016.07.13"]
[SourceVersion "1"]
[SourceVersionDate "2019.06.21"]
[SourceQuality "1"]

1. d4 d5 2. Nf3 Nf6 3. e3 e6 4. Bd3 c5 5. b3 Nc6 6. Bb2 Bd6 7. O-O O-O 8. Nbd2
b6 9. Ne5 Bb7 10. a3 Rc8 11. Qe2 Qc7 12. Nxc6 Bxc6 13. dxc5 Bxh2+ 14. Kh1 Be5
15. cxb6 axb6 16. Bd4 Bxd4 17. exd4 Qf4 18. Nf3 Ne4 19. g3 Qd6 20. Kg2 f5 21.
Ne5 f4 22. Qg4 Rf5 23. gxf4 Rcf8 24. f3 Rxf4 25. Qh3 Qe7 26. fxe4 dxe4 27. Nxc6
Qd6 28. Bc4 1-0

[Event "18. Obert Int. Sant Marti 2016"]
[Site "Barcelona ESP"]
[Date "2016.07.16"]
[Round "4.34"]
[White "Larsson, Anders"]
[Black "Mulay, Pratik"]
[Result "1-0"]
[WhiteElo "2226"]
[BlackElo "1983"]
[PlyCount "141"]
[EventDate "2016.07.13"]
[EventType "swiss"]
[EventRounds "9"]
[EventCountry "ESP"]
[SourceTitle "Ajedrez en Madrid"]
[Source "lmi"]
[SourceDate "2016.07.13"]
[SourceVersion "1"]
[SourceVersionDate "2019.06.21"]
[SourceQuality "1"]

1. e4 e6 2. d4 d5 3. Nc3 Bb4 4. e5 c5 5. Nf3 Nc6 6. dxc5 Bxc3+ 7. bxc3 Nge7 8.
Bd3 Qa5 9. O-O Ng6 10. Qe2 Qxc3 11. Rb1 Qxc5 12. h4 Qe7 13. g3 Qc7 14. Re1 f6
15. exf6 gxf6 16. h5 Nge5 17. Bf4 Bd7 18. Nxe5 fxe5 19. Bxe5 Nxe5 20. Qxe5
O-O-O 21. Qxc7+ Kxc7 22. f4 b6 23. Kf2 Kd6 24. Re5 h6 25. Rbe1 Rc8 26. Kf3 Rc3
27. g4 Ra3 28. g5 hxg5 29. fxg5 Rxh5 30. g6 Rh8 31. Rg5 Rg8 32. g7 Bb5 33. Rg6
Bxd3 34. Rexe6+ Kc5 35. cxd3 Rxd3+ 36. Kf4 Rd1 37. Rc6+ Kd4 38. Kf5 Re8 39.
Rg4+ Kd3 40. Rd6 Kc3 41. Rc6+ Kd3 42. Kg6 d4 43. Kf7 Rb8 44. g8=Q Rf1+ 45. Ke6
Rxg8 46. Rxg8 Ke4 47. Rg4+ Ke3 48. Kd5 d3 49. Re6+ Kd2 50. Rg2+ Kc3 51. Rc6+
Kb4 52. Kd4 Rd1 53. Rc3 b5 54. Rb2+ Ka4 55. Rxd3 Rc1 56. Rbb3 b4 57. Rb2 a5 58.
Ke3 Rh1 59. Ke4 Rh4+ 60. Ke3 Rh3+ 61. Kd4 Rh4+ 62. Kc5 Rh5+ 63. Kd4 Rh4+ 64.
Ke3 Rh3+ 65. Kd2 Rh1 66. Kc2 Rh4 67. Kc1 b3 68. axb3+ Ka3 69. b4+ Ka4 70. bxa5
Re4 71. Ra2+ 1-0

[Event "18. Obert Int. Sant Marti 2016"]
[Site "Barcelona ESP"]
[Date "2016.07.16"]
[Round "4.35"]
[White "Molano Lafuente, Ismael"]
[Black "Glimbrant, Torbjorn"]
[Result "0-1"]
[WhiteElo "1940"]
[BlackElo "2203"]
[PlyCount "70"]
[EventDate "2016.07.13"]
[EventType "swiss"]
[EventRounds "9"]
[EventCountry "ESP"]
[SourceTitle "Ajedrez en Madrid"]
[Source "lmi"]
[SourceDate "2016.07.13"]
[SourceVersion "1"]
[SourceVersionDate "2019.06.21"]
[SourceQuality "1"]

1. f4 c5 2. Nf3 g6 3. d3 d5 4. g3 Nc6 5. c3 Bg7 6. Bg2 d4 7. O-O Nh6 8. e4 dxe3
9. Bxe3 Qa5 10. Kh1 O-O 11. Na3 Nf5 12. Bf2 Nd6 13. Nc2 Bd7 14. d4 cxd4 15.
Ncxd4 Rfd8 16. Re1 Rac8 17. Nb3 Qc7 18. Qe2 b6 19. Rad1 Be6 20. Ng5 Bc4 21. Qc2
e6 22. Ne4 Bd5 23. Nxd6 Bxg2+ 24. Kxg2 Rxd6 25. Rxd6 Qxd6 26. Rd1 Qc7 27. Qe4
h5 28. Bd4 Nxd4 29. Nxd4 Qc4 30. a3 Rd8 31. Kf2 Rd5 32. Rd2 Qc5 33. Qe3 e5 34.
fxe5 Rxe5 35. Qf3 Rf5 0-1

[Event "18. Obert Int. Sant Marti 2016"]
[Site "Barcelona ESP"]
[Date "2016.07.16"]
[Round "4.36"]
[White "Gavrish, Leonid"]
[Black "Dardha, Daniel"]
[Result "1/2-1/2"]
[WhiteElo "2158"]
[BlackElo "2035"]
[PlyCount "127"]
[EventDate "2016.07.13"]
[EventType "swiss"]
[EventRounds "9"]
[EventCountry "ESP"]
[SourceTitle "Ajedrez en Madrid"]
[Source "lmi"]
[SourceDate "2016.07.13"]
[SourceVersion "1"]
[SourceVersionDate "2019.06.21"]
[SourceQuality "1"]

1. d4 Nf6 2. c4 e6 3. Nc3 d5 4. cxd5 Nxd5 5. e4 Nxc3 6. bxc3 c5 7. Nf3 cxd4 8.
cxd4 Bb4+ 9. Bd2 Bxd2+ 10. Qxd2 O-O 11. Bc4 Nd7 12. O-O b6 13. Rad1 Bb7 14.
Rfe1 Rc8 15. Bd3 Qe7 16. Qf4 Rc3 17. e5 Bxf3 18. Qxf3 Rfc8 19. Qe4 Nf8 20. d5
exd5 21. Qxd5 Qg5 22. g3 Ne6 23. h4 Qg4 24. Ba6 Rf8 25. Be2 Qg6 26. Bd3 Qg4 27.
Kh2 Rd8 28. Qxd8+ Nxd8 29. Bf5 Qxd1 30. Rxd1 Nc6 31. Rd7 g6 32. Be4 Nxe5 33.
Rxa7 Rc4 34. Bd5 Rd4 35. Bb3 Rd7 36. Ra6 Rd2 37. Kg1 Nd3 38. Rxb6 Rxf2 39. a4
Rb2 40. a5 Rb1+ 41. Kg2 Ra1 42. a6 Nc5 43. Bc4 Ra4 44. Rc6 Rxc4 45. a7 Ra4 46.
Rc8+ Kg7 47. a8=Q Rxa8 48. Rxa8 h5 49. Kf3 Nd7 50. Kf4 Nf6 51. Ra6 Ng4 52. Rc6
Nh6 53. Ke5 Ng4+ 54. Kd4 Nh6 55. Ke5 Ng4+ 56. Kd6 Nh6 57. Rc3 Nf5+ 58. Ke5 Nh6
59. Rf3 Ng4+ 60. Kd6 Nh6 61. Ke5 Ng4+ 62. Kf4 Nh6 63. Kg5 Ng4 64. Kf4 1/2-1/2

[Event "18. Obert Int. Sant Marti 2016"]
[Site "Barcelona ESP"]
[Date "2016.07.16"]
[Round "4.37"]
[White "Rakshitta, Ravi"]
[Black "Capellades Subirana, Marc"]
[Result "1/2-1/2"]
[WhiteElo "1716"]
[BlackElo "2153"]
[PlyCount "113"]
[EventDate "2016.07.13"]
[EventType "swiss"]
[EventRounds "9"]
[EventCountry "ESP"]
[SourceTitle "Ajedrez en Madrid"]
[Source "lmi"]
[SourceDate "2016.07.13"]
[SourceVersion "1"]
[SourceVersionDate "2019.06.21"]
[SourceQuality "1"]

1. e4 e5 2. Nf3 Nc6 3. d4 exd4 4. Bc4 Nf6 5. O-O d6 6. Nxd4 Be7 7. Nc3 O-O 8.
Bf4 Ng4 9. Nxc6 bxc6 10. h3 Ne5 11. Bxe5 dxe5 12. Qh5 Qd6 13. Rad1 Qf6 14. Rd3
g6 15. Qh6 Rb8 16. Qc1 Qg5 17. Qxg5 Bxg5 18. b3 Kg7 19. f3 f5 20. Rfd1 Be7 21.
exf5 gxf5 22. Kh1 h5 23. a4 Bd6 24. Ne2 Bd7 25. h4 Rbe8 26. Ng3 Kh6 27. Rxd6+
cxd6 28. Rxd6+ Be6 29. Rxe6+ Rxe6 30. Bxe6 f4 31. Ne4 Rd8 32. Bc4 Rd1+ 33. Kh2
Rd7 34. Kg1 Rd1+ 35. Kh2 Rd7 36. Nc5 Rd8 37. b4 Rd4 38. Bb3 Rxb4 39. Nd3 Rd4
40. Nxe5 c5 41. Nc6 Rd7 42. a5 Kg7 43. Bc4 Kf6 44. Bb5 Rg7 45. a6 Ke6 46. c4
Kd6 47. Na5 Ke5 48. Bc6 Kd4 49. Kg1 Ke3 50. Bb7 Rd7 51. Nc6 Rd1+ 52. Kh2 Kf2
53. Ne5 Rd6 54. Bc8 Kf1 55. g3 Rd2+ 56. Kh3 Kg1 57. gxf4 1/2-1/2

[Event "18. Obert Int. Sant Marti 2016"]
[Site "Barcelona ESP"]
[Date "2016.07.16"]
[Round "4.38"]
[White "Sadhwani, Raunak"]
[Black "Kunal, Kakumanu"]
[Result "1-0"]
[WhiteElo "2122"]
[BlackElo "1903"]
[PlyCount "103"]
[EventDate "2016.07.13"]
[EventType "swiss"]
[EventRounds "9"]
[EventCountry "ESP"]
[SourceTitle "Ajedrez en Madrid"]
[Source "lmi"]
[SourceDate "2016.07.13"]
[SourceVersion "1"]
[SourceVersionDate "2019.06.21"]
[SourceQuality "1"]

1. e4 c5 2. Nf3 Nc6 3. d4 cxd4 4. Nxd4 g6 5. c4 d6 6. Nc3 Nf6 7. Be2 Nxd4 8.
Qxd4 Bg7 9. Be3 O-O 10. Qd2 a5 11. O-O a4 12. f3 Be6 13. Rac1 Qa5 14. Nd5 Qxd2
15. Nxe7+ Kh8 16. Bxd2 Rfe8 17. Nd5 Nxd5 18. cxd5 Bxd5 19. Bb5 Bc6 20. Bxc6
bxc6 21. Rxc6 Bd4+ 22. Kh1 Bxb2 23. Rxd6 Rad8 24. Bb4 Rxd6 25. Bxd6 Be5 26.
Bxe5+ Rxe5 27. g3 Rb5 28. Kg2 Rb2+ 29. Rf2 a3 30. f4 Kg7 31. Kf3 Kf6 32. Ke3 h5
33. h4 Rb1 34. Rg2 Rb2 35. Rd2 Ke6 36. Kd3 Rb1 37. Kc2 Rb4 38. Kd3 Rb1 39. Kc4
Rb2 40. Kc3 Rb1 41. Kd4 Rb2 42. Ke3 Kf6 43. Kd3 Rb1 44. Kc2 Rb5 45. Kd3 Rb1 46.
Rg2 Ke6 47. Kc3 Kf6 48. Kd3 Ke6 49. Ke3 Rb2 50. Rd2 Rb1 51. Rd3 Rg1 52. Kf2 1-0

[Event "18. Obert Int. Sant Marti 2016"]
[Site "Barcelona ESP"]
[Date "2016.07.16"]
[Round "4.40"]
[White "Likhit, Chilukuri"]
[Black "Hernando Rodrigo, Julio Antoni"]
[Result "1-0"]
[WhiteElo "2030"]
[BlackElo "2333"]
[PlyCount "123"]
[EventDate "2016.07.13"]
[EventType "swiss"]
[EventRounds "9"]
[EventCountry "ESP"]
[SourceTitle "Ajedrez en Madrid"]
[Source "lmi"]
[SourceDate "2016.07.13"]
[SourceVersion "1"]
[SourceVersionDate "2019.06.21"]
[SourceQuality "1"]

1. e4 e6 2. d4 d5 3. Nd2 c5 4. Ngf3 Nc6 5. exd5 exd5 6. Bb5 Bd6 7. O-O Nge7 8.
dxc5 Bxc5 9. Nb3 Bd6 10. Bg5 O-O 11. Re1 h6 12. Bh4 a6 13. Bd3 Bg4 14. Bg3 Re8
15. c3 Bh5 16. Re3 Qd7 17. Qd2 Bxg3 18. hxg3 Bxf3 19. gxf3 Qd6 20. Rae1 Red8
21. Bc2 Qf6 22. Qe2 Nf5 23. Bxf5 Qxf5 24. Qd3 Qf6 25. f4 g6 26. Rd1 h5 27. Qd2
h4 28. Rd3 Ne7 29. c4 Nf5 30. g4 Re8 31. Rxd5 Ng7 32. Nc5 h3 33. Nd7 Qh4 34.
Kh2 Re6 35. Rg1 Rae8 36. Re5 Rd8 37. Rg3 Rxe5 38. fxe5 Ne6 39. Qd6 Kg7 40. Qd2
Qe7 41. Rxh3 Ng5 42. Rd3 Ne4 43. Qf4 Nxf2 44. Qxf2 Rxd7 45. Qf6+ Kg8 46. Qxe7
Rxe7 47. Rd5 f6 48. exf6 Re2+ 49. Kg3 Rxb2 50. Kf4 Rb4 51. Kg5 Rxc4 52. Rd8+
Kf7 53. Rd7+ Kf8 54. Rxb7 a5 55. a4 Rxa4 56. Ra7 Kg8 57. Rg7+ Kh8 58. Rxg6 Rb4
59. Rg7 a4 60. Ra7 Kg8 61. Kf5 Kh8 62. g5 1-0

[Event "18. Obert Int. Sant Marti 2016"]
[Site "Barcelona ESP"]
[Date "2016.07.16"]
[Round "4.41"]
[White "Teichmann, Erik O M C"]
[Black "Scalzi Evans, Federico"]
[Result "1-0"]
[WhiteElo "2312"]
[BlackElo "2050"]
[PlyCount "63"]
[EventDate "2016.07.13"]
[EventType "swiss"]
[EventRounds "9"]
[EventCountry "ESP"]
[SourceTitle "Ajedrez en Madrid"]
[Source "lmi"]
[SourceDate "2016.07.13"]
[SourceVersion "1"]
[SourceVersionDate "2019.06.21"]
[SourceQuality "1"]

1. b4 d5 2. Bb2 Nf6 3. e3 e6 4. b5 Bd6 5. Nf3 Nbd7 6. c4 b6 7. cxd5 exd5 8. Be2
O-O 9. O-O Qe7 10. Qc2 Nc5 11. Nd4 Nfe4 12. f4 Qh4 13. Bf3 f5 14. d3 Rf6 15.
dxe4 fxe4 16. g3 Qh6 17. Bg2 Nd3 18. Ba3 Bxa3 19. Nxa3 Bg4 20. Qb3 Rd8 21. Bxe4
Nc5 22. Bxd5+ Kh8 23. Qc4 Qh5 24. Bf3 Rh6 25. Qe2 Bxf3 26. Rxf3 Ne4 27. Nc4 a6
28. Ne5 axb5 29. g4 Qe8 30. Qxb5 c6 31. Qc4 Rd5 32. Ndxc6 1-0

[Event "18. Obert Int. Sant Marti 2016"]
[Site "Barcelona ESP"]
[Date "2016.07.16"]
[Round "4.42"]
[White "Carrasco Rodriguez, Jesus"]
[Black "Marchador Villalba, Jordi"]
[Result "1-0"]
[WhiteElo "2202"]
[BlackElo "2024"]
[PlyCount "53"]
[EventDate "2016.07.13"]
[EventType "swiss"]
[EventRounds "9"]
[EventCountry "ESP"]
[SourceTitle "Ajedrez en Madrid"]
[Source "lmi"]
[SourceDate "2016.07.13"]
[SourceVersion "1"]
[SourceVersionDate "2019.06.21"]
[SourceQuality "1"]

1. e4 c5 2. Nf3 e6 3. d4 cxd4 4. Nxd4 a6 5. Bd3 Nf6 6. O-O Bc5 7. Nb3 Be7 8. e5
Nd5 9. Qg4 Kf8 10. a3 Nc6 11. Qe2 Qb6 12. Kh1 Nd4 13. Nxd4 Qxd4 14. f4 b5 15.
a4 b4 16. c4 bxc3 17. bxc3 Qa7 18. f5 Bc5 19. Na3 Qc7 20. Nc4 Nb6 21. Nd6 Bxd6
22. exd6 Qd8 23. c4 a5 24. Ba3 Rb8 25. Rab1 Bb7 26. fxe6 dxe6 27. Qd2 1-0

[Event "18. Obert Int. Sant Marti 2016"]
[Site "Barcelona ESP"]
[Date "2016.07.16"]
[Round "4.43"]
[White "Salagran Ferragut, Guillem"]
[Black "Rojas Fernandez, Andres"]
[Result "1-0"]
[WhiteElo "2196"]
[BlackElo "2009"]
[PlyCount "65"]
[EventDate "2016.07.13"]
[EventType "swiss"]
[EventRounds "9"]
[EventCountry "ESP"]
[SourceTitle "Ajedrez en Madrid"]
[Source "lmi"]
[SourceDate "2016.07.13"]
[SourceVersion "1"]
[SourceVersionDate "2019.06.21"]
[SourceQuality "1"]

1. e4 e6 2. d4 d5 3. Nc3 Nf6 4. e5 Nfd7 5. Nce2 c5 6. c3 Nc6 7. f4 Qb6 8. Nf3
cxd4 9. cxd4 Bb4+ 10. Nc3 Na5 11. a3 Be7 12. b4 Nc6 13. h4 a6 14. Rb1 Qc7 15.
Qc2 b5 16. Bd3 h6 17. f5 Nb6 18. O-O Nc4 19. Ne2 Qa7 20. Bxc4 bxc4 21. Qa4 Bd7
22. fxe6 fxe6 23. Qc2 O-O-O 24. Qg6 Bf8 25. Bb2 Re8 26. Nf4 Nd8 27. Bc3 Ba4 28.
b5 Qd7 29. bxa6 Re7 30. Rb6 Qa7 31. Rfb1 Bb3 32. Ba5 Qd7 33. Rd6 1-0

[Event "18. Obert Int. Sant Marti 2016"]
[Site "Barcelona ESP"]
[Date "2016.07.16"]
[Round "4.44"]
[White "Bielecki, Pawel"]
[Black "Rendboe, John"]
[Result "1/2-1/2"]
[WhiteElo "2023"]
[BlackElo "2183"]
[PlyCount "111"]
[EventDate "2016.07.13"]
[EventType "swiss"]
[EventRounds "9"]
[EventCountry "ESP"]
[SourceTitle "Ajedrez en Madrid"]
[Source "lmi"]
[SourceDate "2016.07.13"]
[SourceVersion "1"]
[SourceVersionDate "2019.06.21"]
[SourceQuality "1"]

1. e4 c5 2. Nf3 Nc6 3. d4 cxd4 4. Nxd4 e5 5. Nb5 d6 6. N1c3 a6 7. Na3 Nf6 8.
Bg5 b5 9. Bxf6 gxf6 10. Nd5 Bg7 11. c3 Ne7 12. Nc2 f5 13. exf5 Bxf5 14. Nce3
Bg6 15. a4 O-O 16. Be2 bxa4 17. Rxa4 Nxd5 18. Qxd5 Qb6 19. Rb4 Qc5 20. Bc4 Rfc8
21. O-O a5 22. Rb7 a4 23. Qxc5 Rxc5 24. Ra1 Bh6 25. Bb5 a3 26. bxa3 Rxc3 27.
Nc4 Be4 28. Rb6 d5 29. Nxe5 Bg7 30. f4 f6 31. Nd7 Raxa3 32. Rxa3 Rxa3 33. Nc5
Ra1+ 34. Kf2 Ra2+ 35. Be2 f5 36. Rb8+ Kf7 37. Nxe4 fxe4 38. Kf1 Bd4 39. Rb1 Kf6
40. Rd1 Ra1 41. Rxa1 Bxa1 42. Bg4 Bb2 43. Ke2 Bc1 44. g3 h6 45. Bc8 Ke7 46. Kd1
Be3 47. Ke2 Bd4 48. g4 Kd6 49. g5 hxg5 50. fxg5 Be5 51. h4 Bg3 52. h5 Bf4 53.
g6 Bh6 54. Bb7 Ke5 55. Ba6 d4 56. Bb5 1/2-1/2

[Event "18. Obert Int. Sant Marti 2016"]
[Site "Barcelona ESP"]
[Date "2016.07.16"]
[Round "4.45"]
[White "Ojas, Kulkarni"]
[Black "Chung, Mathilde"]
[Result "1-0"]
[WhiteElo "2006"]
[BlackElo "2169"]
[PlyCount "55"]
[EventDate "2016.07.13"]
[EventType "swiss"]
[EventRounds "9"]
[EventCountry "ESP"]
[SourceTitle "Ajedrez en Madrid"]
[Source "lmi"]
[SourceDate "2016.07.13"]
[SourceVersion "1"]
[SourceVersionDate "2019.06.21"]
[SourceQuality "1"]

1. d4 g6 2. c4 Bg7 3. Nf3 d6 4. Nc3 Nd7 5. Bg5 c6 6. e3 f6 7. Bh4 e5 8. Ne4 Qe7
9. dxe5 dxe5 10. Nd6+ Kf8 11. Qd2 e4 12. Bg3 Ne5 13. Nxe5 fxe5 14. O-O-O Nf6
15. Bh4 Bf5 16. Be2 Rd8 17. c5 Be6 18. Qc3 Bd5 19. Bc4 Qe6 20. Bxf6 Bxf6 21.
Bxd5 cxd5 22. Qb3 b6 23. Qxd5 Qxd5 24. Rxd5 bxc5 25. Rhd1 Ke7 26. Nxe4 Rxd5 27.
Rxd5 c4 28. Rc5 1-0

[Event "18. Obert Int. Sant Marti 2016"]
[Site "Barcelona ESP"]
[Date "2016.07.16"]
[Round "4.46"]
[White "Perez Garcia, Adria"]
[Black "Parnali, S Dharia"]
[Result "1/2-1/2"]
[WhiteElo "1984"]
[BlackElo "2161"]
[PlyCount "86"]
[EventDate "2016.07.13"]
[EventType "swiss"]
[EventRounds "9"]
[EventCountry "ESP"]
[SourceTitle "Ajedrez en Madrid"]
[Source "lmi"]
[SourceDate "2016.07.13"]
[SourceVersion "1"]
[SourceVersionDate "2019.06.21"]
[SourceQuality "1"]

1. e4 e5 2. Nf3 Nc6 3. d4 exd4 4. Nxd4 Bb4+ 5. c3 Bc5 6. Nxc6 bxc6 7. Bd3 Nf6
8. e5 Nd5 9. O-O O-O 10. a3 Qh4 11. b4 Be7 12. g3 Qh3 13. Qf3 d6 14. c4 Bg4 15.
Qe4 f5 16. Qg2 Nb6 17. f3 Qxg2+ 18. Kxg2 Bh5 19. e6 Bf6 20. Ra2 a5 21. bxa5
Rxa5 22. Bd2 Re5 23. Re1 Rxe1 24. Bxe1 Re8 25. Bxf5 Nxc4 26. Bf2 d5 27. Bh3 Bg6
28. Nd2 Nxd2 29. Rxd2 Be7 30. a4 Ra8 31. Rb2 Kf8 32. Rb7 Bd6 33. Ba7 Bd3 34.
Be3 h6 35. Bf4 Ke7 36. Bxd6+ Kxd6 37. Rb4 Bc4 38. Rb1 Rxa4 39. Rb8 Ra2+ 40. Kg1
Ra1+ 41. Kf2 Ra2+ 42. Kg1 Ra1+ 43. Kf2 Ra2+ 1/2-1/2

[Event "18. Obert Int. Sant Marti 2016"]
[Site "Barcelona ESP"]
[Date "2016.07.16"]
[Round "4.47"]
[White "Jayakumaar, S."]
[Black "Castrillo Mansego, Pablo"]
[Result "1-0"]
[WhiteElo "2151"]
[BlackElo "2003"]
[PlyCount "115"]
[EventDate "2016.07.13"]
[EventType "swiss"]
[EventRounds "9"]
[EventCountry "ESP"]
[SourceTitle "Ajedrez en Madrid"]
[Source "lmi"]
[SourceDate "2016.07.13"]
[SourceVersion "1"]
[SourceVersionDate "2019.06.21"]
[SourceQuality "1"]

1. e4 e6 2. d4 d5 3. Nc3 Nf6 4. e5 Nfd7 5. f4 c5 6. Nf3 Nc6 7. Be3 Qb6 8. Na4
Qa5+ 9. c3 cxd4 10. b4 Nxb4 11. cxb4 Bxb4+ 12. Bd2 b5 13. Nb2 O-O 14. Bd3 f6
15. Bxb4 Qxb4+ 16. Qd2 Qa3 17. O-O a6 18. Qc2 f5 19. Nxd4 Nb6 20. Rf3 Qe7 21.
a4 Bb7 22. axb5 Rfc8 23. Qf2 Nc4 24. bxa6 Bxa6 25. Bf1 Rab8 26. Nxc4 Bxc4 27.
Rc3 Rb4 28. Bxc4 dxc4 29. h3 Qd7 30. Rac1 Qd5 31. Nf3 Rd8 32. Qe2 Rc8 33. Kh2
h6 34. Qd2 Qa5 35. Rxc4 Rcxc4 36. Rxc4 Ra4 37. Rc8+ Kh7 38. Qxa5 Rxa5 39. Rc6
Ra4 40. Kg3 g5 41. fxg5 hxg5 42. Nxg5+ Kg6 43. Nxe6 f4+ 44. Nxf4+ Kf5 45. Ng6
Re4 46. Rf6+ Kg5 47. h4+ Kh6 48. Nf4+ Kh7 49. e6 Kg7 50. Rg6+ Kh7 51. h5 Re5
52. Kg4 Re4 53. Kf5 Ra4 54. e7 Rb4 55. Re6 Rb5+ 56. Re5 Rb6 57. e8=Q Kg7 58.
Re7+ 1-0

[Event "18. Obert Int. Sant Marti 2016"]
[Site "Barcelona ESP"]
[Date "2016.07.16"]
[Round "4.48"]
[White "Afshar, Niusha"]
[Black "Niraj, Saripalli"]
[Result "0-1"]
[WhiteElo "1971"]
[BlackElo "2140"]
[PlyCount "62"]
[EventDate "2016.07.13"]
[EventType "swiss"]
[EventRounds "9"]
[EventCountry "ESP"]
[SourceTitle "Ajedrez en Madrid"]
[Source "lmi"]
[SourceDate "2016.07.13"]
[SourceVersion "1"]
[SourceVersionDate "2019.06.21"]
[SourceQuality "1"]

1. e4 e5 2. Nf3 Nc6 3. Bc4 Nf6 4. d3 h6 5. c3 d6 6. h3 g6 7. Be3 Bg7 8. Qd2 d5
9. exd5 Nxd5 10. Bc5 b6 11. Ba3 Na5 12. Nxe5 Bxe5 13. Qe2 f6 14. Bxd5 Qxd5 15.
f4 Ba6 16. c4 Nxc4 17. dxc4 Bxc4 18. Nc3 Qe6 19. Qf3 Bxc3+ 20. Kf2 Bd4+ 21. Kg3
O-O-O 22. Rae1 Qd5 23. b3 Qxf3+ 24. gxf3 Bd5 25. Re7 Rhe8 26. Rh7 h5 27. Rc1
Rd7 28. Rxd7 Kxd7 29. Rd1 c5 30. b4 Kc6 31. bxc5 bxc5 0-1

[Event "18. Obert Int. Sant Marti 2016"]
[Site "Barcelona ESP"]
[Date "2016.07.16"]
[Round "4.49"]
[White "Valls Marti, Artur"]
[Black "Castillo Dalmau, Albert"]
[Result "1-0"]
[WhiteElo "2133"]
[BlackElo "1998"]
[PlyCount "53"]
[EventDate "2016.07.13"]
[EventType "swiss"]
[EventRounds "9"]
[EventCountry "ESP"]
[SourceTitle "Ajedrez en Madrid"]
[Source "lmi"]
[SourceDate "2016.07.13"]
[SourceVersion "1"]
[SourceVersionDate "2019.06.21"]
[SourceQuality "1"]

1. e4 c5 2. Nf3 e6 3. d4 cxd4 4. Nxd4 Nc6 5. Nxc6 bxc6 6. Bd3 d5 7. O-O Nf6 8.
Nc3 Be7 9. f4 O-O 10. Kh1 Nd7 11. Be3 Nc5 12. Bxc5 Bxc5 13. Qf3 Rb8 14. Na4 Bd6
15. c4 dxe4 16. Bxe4 c5 17. Rad1 Qc7 18. Bxh7+ Kxh7 19. Qd3+ Kg8 20. Qxd6 Qa5
21. b3 Rb4 22. Rf2 Rxa4 23. bxa4 Qxa4 24. Rfd2 Qxc4 25. Qc7 Ba6 26. Rd8 g6 27.
Qe5 1-0

[Event "18. Obert Int. Sant Marti 2016"]
[Site "Barcelona ESP"]
[Date "2016.07.16"]
[Round "4.50"]
[White "Ferre Campos, Josep"]
[Black "Martin Capitan, Feliciano"]
[Result "0-1"]
[WhiteElo "1970"]
[BlackElo "2124"]
[PlyCount "100"]
[EventDate "2016.07.13"]
[EventType "swiss"]
[EventRounds "9"]
[EventCountry "ESP"]
[SourceTitle "Ajedrez en Madrid"]
[Source "lmi"]
[SourceDate "2016.07.13"]
[SourceVersion "1"]
[SourceVersionDate "2019.06.21"]
[SourceQuality "1"]

1. d4 d5 2. Nf3 Nf6 3. Bf4 c5 4. c3 Qb6 5. Qb3 c4 6. Qxb6 axb6 7. Nfd2 Bf5 8.
f3 e6 9. e4 Bg6 10. a4 Be7 11. Na3 O-O 12. Nb5 Nc6 13. Bg5 h6 14. Bh4 Rfc8 15.
e5 Ne8 16. Bxe7 Nxe7 17. Be2 Bc2 18. Bd1 Bd3 19. Be2 Bxe2 20. Kxe2 Ra5 21. Ra3
Nc6 22. Rha1 Na7 23. Nxa7 Rxa7 24. Nb1 Rca8 25. Kd2 Nc7 26. Kc2 f6 27. f4 fxe5
28. fxe5 Rf8 29. Nd2 Rf2 30. Rg1 Kh7 31. Raa1 Ra8 32. Raf1 Raf8 33. Rxf2 Rxf2
34. Rf1 Rxg2 35. Rf7 Na6 36. Rxb7 Rxh2 37. Rxb6 Nc7 38. Rc6 Na8 39. Rxe6 h5 40.
Re8 Nc7 41. Re7 Na8 42. Rf7 h4 43. Kd1 h3 44. Rf1 Nc7 45. a5 Kh6 46. Ke1 g5 47.
Rf2 Rh1+ 48. Nf1 g4 49. Ke2 Kg5 50. Ng3 Rg1 0-1